[Event "66.Open B Nazionale Qualificazione"]
[Site "Cortina d'Ampezzo ITA"]
[Date "2006.07.09"]
[Round "1.18"]
[White "Faini, Marco"]
[Black "Vignoli, Matteo"]
[Result "1/2-1/2"]
[WhiteElo "1545"]
[BlackElo "1962"]
[Annotator "Gabriele Ballarin"]
[PlyCount "95"]
[EventDate "2006.07.09"]
[EventType "swiss"]
[EventCountry "ITA"]

1. d4 Nf6 2. c4 g6 3. Nc3 Bg7 4. Nf3 d6 5. Bg5 O-O 6. e3 Bf5 7. Bd3 Bxd3 8. Qxd3 Nbd7 9. O-O c5 10. d5 h6 11. Bxf6 Nxf6 12. Rad1 Qd7 13. b3 Nh7 14. Rfe1 Ng5 15. Nxg5 hxg5 16. f4 gxf4 17. exf4 Bd4+ 18. Kh1 Kg7 19. Ne2 Bf6 20. g3 Rh8 21. Ng1 Rh7 22. Re2 Rah8 23. Qf3 Bd4 24. Rg2 b5 25. Ne2 Bf6 26. cxb5 Qxb5 27. Qd3 Qb4 28. Qc4 a5 29. Ng1 Qxc4 30. bxc4 Rb8 31. Nf3 Rb4 32. Rc2 a4 33. Rd3 Rh8 34. Kg2 Rhb8 35. Kf2 Rb1 36. Ke2 Rh1 37. Rd1 Rxd1 38. Kxd1 Rb1+ 39. Rc1 Rb8 40. Rc2 Rb1+ 41. Rc1 Rb8 42. Rc2 Re8 43. Re2 e5 44. fxe5 Bxe5 45. Nxe5 Rxe5 46. Kd2 f5 47. Rxe5 dxe5 48. Ke3 1/2-1/2

[Event "66.Open B Nazionale Qualificazione"]
[Site "Cortina d'Ampezzo ITA"]
[Date "2006.07.09"]
[Round "1.19"]
[White "Scarpellini, Felice"]
[Black "Caldara, Sisto"]
[Result "1/2-1/2"]
[WhiteElo "1913"]
[BlackElo "1542"]
[Annotator "Gabriele Ballarin"]
[PlyCount "64"]
[EventDate "2006.07.09"]
[EventType "swiss"]
[EventCountry "ITA"]

1. c4 Nf6 2. Nc3 g6 3. g3 e5 4. Bg2 Nc6 5. Nf3 d6 6. O-O Bg7 7. d3 h5 8. Bg5 Ne7 9. e4 Be6 10. Nd5 Bxd5 11. cxd5 Nh7 12. Be3 Bf6 13. Qd2 c6 14. dxc6 Nxc6 15. d4 h4 16. d5 Ne7 17. Qb4 Qd7 18. Rac1 O-O 19. Rc2 Qg4 20. Rc7 Nxd5 21. Qxd6 Nxc7 22. Qxc7 h3 23. Bh1 Qxe4 24. Ng5 Qa4 25. Nxh7 Kxh7 26. Bxb7 Rad8 27. Bc5 Rd1 28. b3 Qd7 29. Qxd7 Rxd7 30. Bxf8 Rxb7 31. Bc5 Rd7 32. Be3 Bg7 1/2-1/2

[Event "66.Open B Nazionale Qualificazione"]
[Site "Cortina d'Ampezzo ITA"]
[Date "2006.07.09"]
[Round "1.20"]
[White "Rorato, Roberto"]
[Black "Quaranta, Gaetano"]
[Result "1/2-1/2"]
[WhiteElo "1524"]
[BlackElo "1889"]
[Annotator "Gabriele Ballarin"]
[PlyCount "77"]
[EventDate "2006.07.09"]
[EventType "swiss"]
[EventCountry "ITA"]

1. d4 Nf6 2. e3 g6 3. Bd3 Bg7 4. c3 d5 5. f4 e6 6. Nf3 O-O 7. O-O Nbd7 8. b3 b6 9. Bb2 Bb7 10. Nbd2 Ne4 11. Rc1 Rc8 12. c4 Re8 13. Ne5 f6 14. Nxd7 Qxd7 15. Nxe4 dxe4 16. Be2 f5 17. Ba3 Bf8 18. Bxf8 Rxf8 19. c5 b5 20. Qc2 c6 21. a4 a6 22. axb5 axb5 23. Ra1 Ra8 24. Rfc1 Qe7 25. Qb2 g5 26. Rxa8 Rxa8 27. Ra1 gxf4 28. Rxa8+ Bxa8 29. exf4 Qd7 30. b4 Bb7 31. Kf2 Bc8 32. Qc3 Qa7 33. Qg3+ Qg7 34. Qh4 Qxd4+ 35. Kf1 Qa1+ 36. Kf2 Qd4+ 37. Kf1 Qd2 38. Qg5+ Kh8 39. Qf6+ 1/2-1/2

[Event "66.Open B Nazionale Qualificazione"]
[Site "Cortina d'Ampezzo ITA"]
[Date "2006.07.09"]
[Round "1.21"]
[White "Bettini, Massimo"]
[Black "Reginato, Sabrina"]
[Result "0-1"]
[WhiteElo "1887"]
[BlackElo "1511"]
[Annotator "Gabriele Ballarin"]
[PlyCount "87"]
[EventDate "2006.07.09"]
[EventType "swiss"]
[EventCountry "ITA"]

1. e4 c5 2. Nf3 d6 3. d4 cxd4 4. Nxd4 Nf6 5. Nc3 a6 6. Be3 Ng4 7. Bc4 Nxe3 8. fxe3 e6 9. O-O Be7 10. Qh5 O-O 11. Rad1 Qc7 12. Bd3 Nc6 13. Nxc6 Qxc6 14. e5 g6 15. Qh6 dxe5 16. Ne4 f5 17. Ng5 Bxg5 18. Qxg5 e4 19. Be2 Qxc2 20. Bh5 Qxb2 21. Rd4 Kg7 22. Qe7+ Rf7 23. Qe8 gxh5 24. Rd8 Kg6 25. Rfd1 Qc3 26. Kf2 Qc7 27. Qg8+ Rg7 28. Qe8+ Kh6 29. g3 Qe7 30. Qa4 b5 31. Qb3 Bb7 32. R8d7 Qe8 33. R7d6 Re7 34. Qc3 Kg6 35. Qe5 Kf7 36. h4 Rc8 37. Qf4 Qg8 38. Rxe6 Rxe6 39. Qxf5+ Ke7 40. Kg2 Qg6 41. Qf2 Qf6 42. Qd2 Rd6 43. Qb4 Qf3+ 44. Kg1 0-1

[Event "66.Open B Nazionale Qualificazione"]
[Site "Cortina d'Ampezzo ITA"]
[Date "2006.07.09"]
[Round "1.22"]
[White "Catelli, Domenico"]
[Black "Roversi, Stefano"]
[Result "0-1"]
[WhiteElo "1472"]
[BlackElo "1857"]
[Annotator "Gabriele Ballarin"]
[PlyCount "54"]
[EventDate "2006.07.09"]
[EventType "swiss"]
[EventCountry "ITA"]

1. e4 c5 2. Nf3 Nc6 3. d4 cxd4 4. Nxd4 a6 5. Be2 e6 6. O-O Nxd4 7. Qxd4 Ne7 8. f4 Nc6 9. Qd1 Bc5+ 10. Kh1 O-O 11. Nc3 b5 12. Bf3 Bb7 13. Ne2 Rc8 14. c3 Ne7 15. Qe1 d5 16. Nd4 Qc7 17. e5 Bxd4 18. cxd4 Nf5 19. Qf2 Qc2 20. Qg1 Rc4 21. Rf2 Qd3 22. Be2 Qxd4 23. Bxc4 dxc4 24. Re2 Qd3 25. Re1 Nh4 26. Qf2 Nxg2 27. Kg1 Nxe1 0-1

[Event "66.Open B Nazionale Qualificazione"]
[Site "Cortina d'Ampezzo ITA"]
[Date "2006.07.09"]
[Round "1.23"]
[White "Fragni, Enrico"]
[Black "Sartini, Michele"]
[Result "1-0"]
[WhiteElo "1859"]
[BlackElo "1468"]
[Annotator "Gabriele Ballarin"]
[PlyCount "101"]
[EventDate "2006.07.09"]
[EventType "swiss"]
[EventCountry "ITA"]

1. e4 e5 2. Nf3 Nc6 3. Bb5 Nge7 4. c3 a6 5. Ba4 b5 6. Bb3 h6 7. d4 d6 8. Be3 Ng6 9. g3 Be7 10. Nbd2 Bf6 11. Qe2 O-O 12. h3 Bd7 13. Bd5 Nge7 14. Bb3 a5 15. d5 Na7 16. a4 c6 17. c4 bxc4 18. Bxc4 c5 19. g4 g5 20. Nf1 Kh8 21. Ng3 Ng8 22. Nf5 Bxf5 23. gxf5 Nc8 24. Nh2 Bg7 25. Ng4 f6 26. h4 Nb6 27. Bb5 Rc8 28. hxg5 fxg5 29. b3 Qe7 30. Qd2 Nf6 31. Nxf6 Bxf6 32. Rxh6+ Kg7 33. Rg6+ Kh8 34. Ke2 Rf7 35. Rh1+ Rh7 36. Rgh6 Rxh6 37. Rxh6+ Kg7 38. Rg6+ Kf7 39. Qxa5 Na8 40. Qd2 Rg8 41. Rxg8 Kxg8 42. b4 Qc7 43. bxc5 dxc5 44. Bc4 Kg7 45. Bxg5 Nb6 46. Bxf6+ Kxf6 47. Qh6+ Ke7 48. Qe6+ Kd8 49. Bb5 Nd7 50. d6 Nf6 51. dxc7+ 1-0

[Event "66.Open B Nazionale Qualificazione"]
[Site "Cortina d'Ampezzo ITA"]
[Date "2006.07.09"]
[Round "1.24"]
[White "Franco, Leopoldo"]
[Black "Deruda, Leonardo"]
[Result "0-1"]
[WhiteElo "1447"]
[BlackElo "1857"]
[Annotator "Gabriele Ballarin"]
[PlyCount "178"]
[EventDate "2006.07.09"]
[EventType "swiss"]
[EventCountry "ITA"]

1. d4 c5 2. dxc5 e6 3. Nf3 Bxc5 4. e3 a6 5. Be2 Nf6 6. O-O d5 7. c3 Nc6 8. b4 Bd6 9. Bb2 Bd7 10. a4 O-O 11. Nbd2 Ne5 12. g3 Rc8 13. Nxe5 Bxe5 14. f4 Bxc3 15. Bxc3 Rxc3 16. Rf3 Qb6 17. Rb1 Rxe3 18. Kg2 Rxf3 19. Bxf3 Rc8 20. b5 axb5 21. axb5 h6 22. Be2 Qc5 23. Nb3 Qe3 24. Qd3 Qb6 25. Qd4 Qxd4 26. Nxd4 Ne4 27. b6 Nc3 28. Rb2 Nxe2 29. Rxe2 Rc4 30. Rd2 Rb4 31. g4 Rxb6 32. Nf3 Bc6 33. Kg3 Ra6 34. Nd4 Ra8 35. h4 Rb8 36. Rb2 Be8 37. h5 b5 38. Rb1 Kf8 39. Nb3 Ke7 40. g5 f6 41. Nd4 Kd6 42. Nf3 Bxh5 43. Nd2 hxg5 44. fxg5 fxg5 45. Nb3 e5 46. Nd2 Kc5 47. Rb2 e4 48. Nf1 d4 49. Rc2+ Kd6 50. Rg2 b4 51. Kh2 g4 52. Ng3 Bg6 53. Ne2 d3 54. Nd4 Kd5 55. Nb3 Bf5 56. Rf2 g6 57. Ra2 Kc4 58. Na5+ Kc3 59. Kg3 b3 60. Ra3 Kc2 61. Nc4 d2 62. Kf2 Kc3 63. Ne3 Kb4 64. Ra1 b2 65. Rb1 Kc3 66. Ke2 g3 67. Nd5+ Kc2 68. Rd1 b1=Q 69. Rxd2+ Kb3 70. Ne3 Qd3+ 71. Rxd3+ exd3+ 72. Kd2 Re8 73. Nd1 g2 74. Nc3 g1=R 75. Nd1 Rxd1+ 76. Kxd1 Bc8 77. Kc1 g5 78. Kd2 Kc4 79. Kc1 g4 80. Kd2 g3 81. Kc1 g2 82. Kb2 g1=R 83. Ka2 d2 84. Ka3 Rd1 85. Kb2 Re3 86. Kc2 Rf1 87. Kxd2 Ra3 88. Ke2 Rfa1 89. Kf2 Rb1 0-1

[Event "66.Open B Nazionale Qualificazione"]
[Site "Cortina d'Ampezzo ITA"]
[Date "2006.07.09"]
[Round "1.25"]
[White "Carlassara, Renato"]
[Black "Vetere, Aldo"]
[Result "1-0"]
[WhiteElo "1850"]
[BlackElo "1356"]
[Annotator "Gabriele Ballarin"]
[PlyCount "41"]
[EventDate "2006.07.09"]
[EventType "swiss"]
[EventCountry "ITA"]

1. e4 e5 2. Nf3 d6 3. Bc4 Qd7 4. Nc3 c6 5. d4 Nf6 6. dxe5 dxe5 7. Qxd7+ Bxd7 8. Nxe5 Na6 9. Nxf7 Nb4 10. Bb3 c5 11. a3 Na6 12. Nxh8 b5 13. Bf7+ Kd8 14. e5 Ng4 15. Bd5 Rb8 16. e6 Be8 17. Bf4 Rb6 18. Rd1 b4 19. Bf3+ Ke7 20. Bxg4 bxc3 21. Bg5# 1-0

[Event "66.Open B Nazionale Qualificazione"]
[Site "Cortina d'Ampezzo ITA"]
[Date "2006.07.09"]
[Round "1.26"]
[White "Vignoli, Ernesto"]
[Black "Faini, Ivano"]
[Result "0-1"]
[WhiteElo "1281"]
[BlackElo "1826"]
[Annotator "Gabriele Ballarin"]
[PlyCount "42"]
[EventDate "2006.07.09"]
[EventType "swiss"]
[EventCountry "ITA"]

1. e4 d5 2. e5 Bf5 3. g4 Bg6 4. f4 h5 5. f5 Bh7 6. h3 e6 7. Nf3 exf5 8. g5 f4 9. d4 Be4 10. Bxf4 Ne7 11. Rg1 Ng6 12. Bh2 Be7 13. h4 Bb4+ 14. c3 Be7 15. c4 Bb4+ 16. Nc3 Qd7 17. cxd5 Qxd5 18. Nd2 Qxd4 19. Qa4+ c6 20. Ndxe4 Qxe4+ 21. Be2 Bxc3+ 0-1

[Event "66.Open B Nazionale Qualificazione"]
[Site "Cortina d'Ampezzo ITA"]
[Date "2006.07.10"]
[Round "2.1"]
[White "Forato, Enrico"]
[Black "Quaranta, Cristiano"]
[Result "0-1"]
[WhiteElo "1949"]
[BlackElo "2088"]
[Annotator "Gabriele Ballarin"]
[PlyCount "70"]
[EventDate "2006.07.09"]
[EventType "swiss"]
[EventCountry "ITA"]

1. e4 c5 2. Nf3 d6 3. d4 cxd4 4. Nxd4 Nf6 5. Nc3 a6 6. Be2 e6 7. f4 Qc7 8. Be3 Be7 9. O-O Nc6 10. f5 b5 11. Ncxb5 axb5 12. Bxb5 Bd7 13. fxe6 fxe6 14. Bxc6 Bxc6 15. Nxe6 Qb7 16. Nxg7+ Kd7 17. e5 Nd5 18. Qg4+ Kc7 19. exd6+ Kxd6 20. Nf5+ Kc7 21. Nxe7 Nxe7 22. Rf7 Rae8 23. Bc5 Kb8 24. Re1 Rhg8 25. Qf4+ Ka8 26. Rfxe7 Rxg2+ 27. Kf1 Bb5+ 28. R1e2 Bxe2+ 29. Ke1 Bb5 30. Rxe8+ Bxe8 31. Qe5 Qb5 32. Qe7 Bd7 33. Qf8+ Kb7 34. Qf3+ Qc6 35. Qb3+ Kc8 0-1

[Event "66.Open B Nazionale Qualificazione"]
[Site "Cortina d'Ampezzo ITA"]
[Date "2006.07.10"]
[Round "2.10"]
[White "Broli, Carlo"]
[Black "Barletta, Antonio"]
[Result "1/2-1/2"]
[WhiteElo "1746"]
[BlackElo "2097"]
[Annotator "Gabriele Ballarin"]
[PlyCount "22"]
[EventDate "2006.07.09"]
[EventType "swiss"]
[EventCountry "ITA"]

1. c4 e5 2. g3 Nc6 3. Bg2 Nf6 4. Nc3 Bb4 5. Nd5 Bc5 6. e3 O-O 7. a3 a5 8. b3 d6 9. Bb2 Nxd5 10. cxd5 Ne7 11. Ne2 Ng6 1/2-1/2

[Event "66.Open B Nazionale Qualificazione"]
[Site "Cortina d'Ampezzo ITA"]
[Date "2006.07.10"]
[Round "2.17"]
[White "Quaranta, Gaetano"]
[Black "Faini, Marco"]
[Result "1/2-1/2"]
[WhiteElo "1840"]
[BlackElo "1545"]
[Annotator "Gabriele Ballarin"]
[PlyCount "58"]
[EventDate "2006.07.09"]
[EventType "swiss"]
[EventCountry "ITA"]

1. e4 d5 2. exd5 Qxd5 3. Nc3 Qa5 4. d4 c6 5. Bc4 Nf6 6. Bd2 Qc7 7. Nf3 Bf5 8. O-O e6 9. Re1 Be7 10. Bb3 O-O 11. Ne5 Nbd7 12. Bf4 Bd6 13. Nxd7 Qxd7 14. Bxd6 Qxd6 15. Ne2 Rad8 16. c3 c5 17. Bc2 Bxc2 18. Qxc2 cxd4 19. Nxd4 Qc7 20. Qb3 Rfe8 21. h3 a6 22. Rad1 Rd7 23. Rc1 h6 24. a3 Rd5 25. Nf3 Red8 26. Qc2 Qc4 27. Nd4 Qc8 28. Qb3 Qd7 29. Qb6 Ne8 1/2-1/2

[Event "66.Open B Nazionale Qualificazione"]
[Site "Cortina d'Ampezzo ITA"]
[Date "2006.07.11"]
[Round "3.10"]
[White "Solinas, Carlo"]
[Black "Bedin, Alberto"]
[Result "0-1"]
[WhiteElo "2006"]
[BlackElo "1751"]
[Annotator "Gabriele Ballarin"]
[PlyCount "138"]
[EventDate "2006.07.09"]
[EventType "swiss"]
[EventCountry "ITA"]

1. e4 c5 2. d4 cxd4 3. c3 dxc3 4. Nxc3 d6 5. Nf3 e6 6. Bc4 Nc6 7. O-O a6 8. Qe2 b5 9. Bb3 Ra7 10. Be3 Rd7 11. Nxb5 Qa5 12. Nc3 Be7 13. Ba4 Rc7 14. Nd4 Bd7 15. Nb3 Qb4 16. Qxa6 Qb8 17. Nb5 Rc8 18. e5 Nb4 19. Qb6 Nd5 20. Qxb8 Rxb8 21. Nxd6+ Bxd6 22. Bxd7+ Kxd7 23. exd6 Kxd6 24. Bc5+ Kd7 25. Bd4 Ngf6 26. Nc5+ Kd6 27. Nd3 Rb5 28. Rfc1 Rg8 29. b4 Nd7 30. a4 Rbb8 31. f4 Nxb4 32. Ne5 f6 33. Nc4+ Kd5 34. Bf2 Rgd8 35. Bg3 e5 36. f5 Nd3 37. Rc2 N7c5 38. a5 Nb4 39. Rd1+ Kc6 40. Rcd2 Rxd2 41. Rxd2 Ne4 42. Rb2 Rd8 43. Rb1 Kb5 44. Be1 Kxc4 45. Rxb4+ Kd3 46. a6 Ra8 47. Rb7 Ke2 48. a7 Kxe1 49. Rxg7 Nd6 50. g4 e4 51. Rd7 Nb5 52. g5 Rg8 53. h4 fxg5 54. Rg7 Rf8 55. Rf7 Rg8 56. h5 Ra8 57. Rxh7 Nxa7 58. h6 e3 59. Rd7 Nc6 60. h7 Rh8 61. Kg2 e2 62. f6 Ne5 63. Rd5 Nf7 64. Kg3 Rxh7 65. Kg4 Rh4+ 66. Kf5 Kf2 67. Rd2 Kf1 68. Rxe2 Kxe2 69. Kg6 g4 0-1

[Event "66.Open B Nazionale Qualificazione"]
[Site "Cortina d'Ampezzo ITA"]
[Date "2006.07.11"]
[Round "3.18"]
[White "Carlassara, Renato"]
[Black "Biancotti, Alessandro"]
[Result "1/2-1/2"]
[WhiteElo "1850"]
[BlackElo "1678"]
[Annotator "Gabriele Ballarin"]
[PlyCount "115"]
[EventDate "2006.07.09"]
[EventType "swiss"]
[EventCountry "ITA"]

1. e4 c5 2. d4 cxd4 3. c3 dxc3 4. Nxc3 d6 5. Nf3 Nc6 6. Bc4 Nf6 7. O-O e6 8. Qe2 Be7 9. Rd1 e5 10. Bb5 Bg4 11. h3 Bxf3 12. Qxf3 O-O 13. Be3 Qc7 14. Rac1 a6 15. Ba4 Qa5 16. a3 Rac8 17. b4 Nxb4 18. axb4 Qxb4 19. Bd2 Rxc3 20. Qxc3 Qxa4 21. Qc7 Re8 22. Qxb7 Qxe4 23. Qxa6 d5 24. Re1 Qf5 25. Rc7 Bd8 26. Rc8 Qd7 27. Ba5 Bxa5 28. Rxe8+ Qxe8 29. Qxa5 h6 30. Qc7 e4 31. Rb1 Qd7 32. Rb8+ Kh7 33. Qa5 Qc6 34. Qa7 d4 35. Rd8 d3 36. Qe3 Qc7 37. Rd4 Qc2 38. f3 exf3 39. gxf3 Qd1+ 40. Kg2 Qe2+ 41. Qf2 Nh5 42. Qxe2 dxe2 43. Kf2 g5 44. h4 Nf4 45. h5 Nxh5 46. Kxe2 f5 47. Rd6 Nf4+ 48. Kf2 Kg7 49. Ra6 h5 50. Kg3 h4+ 51. Kh2 Ng6 52. Kh3 Nf4+ 53. Kh2 g4 54. fxg4 fxg4 55. Ra4 g3+ 56. Kg1 Ng6 57. Rg4 Kf6 58. Rxg3 1/2-1/2

[Event "66.Open B Nazionale Qualificazione"]
[Site "Cortina d'Ampezzo ITA"]
[Date "2006.07.11"]
[Round "4.1"]
[White "Petruccioli, Antonio"]
[Black "Occari, Maurizio"]
[Result "1/2-1/2"]
[WhiteElo "2083"]
[BlackElo "2082"]
[Annotator "Gabriele Ballarin"]
[PlyCount "33"]
[EventDate "2006.07.09"]
[EventType "swiss"]
[EventCountry "ITA"]

1. e4 g6 2. d4 Bg7 3. f4 d6 4. Nf3 Nf6 5. e5 dxe5 6. fxe5 Nd5 7. c4 Nb6 8. h3 O-O 9. Nc3 Nc6 10. Bf4 f6 11. e6 Na5 12. Nb5 Naxc4 13. Nxc7 Rb8 14. b3 Nd6 15. Rc1 Na8 16. Nxa8 Rxa8 17. d5 1/2-1/2

[Event "66.Open B Nazionale Qualificazione"]
[Site "Cortina d'Ampezzo ITA"]
[Date "2006.07.11"]
[Round "4.2"]
[White "Crippa, Gabriele"]
[Black "Quaranta, Cristiano"]
[Result "1-0"]
[WhiteElo "2078"]
[BlackElo "2088"]
[Annotator "Gabriele Ballarin"]
[PlyCount "49"]
[EventDate "2006.07.09"]
[EventType "swiss"]
[EventCountry "ITA"]

1. f4 d5 2. b3 Nf6 3. Nf3 c5 4. e3 a6 5. Bb2 Nc6 6. Bd3 b5 7. O-O c4 8. Be2 e6 9. a4 Bb7 10. axb5 axb5 11. Rxa8 Qxa8 12. Nc3 b4 13. Nb5 Qa5 14. bxc4 Ba6 15. Qa1 Bxb5 16. cxb5 Qxa1 17. Rxa1 Nd8 18. b6 Bd6 19. Be5 Bxe5 20. Nxe5 O-O 21. Ra7 Ne4 22. b7 Nxb7 23. Rxb7 Nxd2 24. Rxb4 f6 25. Nd7 1-0

[Event "66.Open B Nazionale Qualificazione"]
[Site "Cortina d'Ampezzo ITA"]
[Date "2006.07.11"]
[Round "4.6"]
[White "Cecchetto, Vanni"]
[Black "Chiereghin, Franco"]
[Result "1-0"]
[WhiteElo "2006"]
[BlackElo "1708"]
[Annotator "Gabriele Ballarin"]
[PlyCount "39"]
[EventDate "2006.07.09"]
[EventType "swiss"]
[EventCountry "ITA"]

1. d4 f5 2. g4 d6 3. gxf5 Bxf5 4. Nc3 Nf6 5. Bg2 d5 6. Nxd5 Ne4 7. Nc3 Nxc3 8. bxc3 c6 9. e4 Bg6 10. Qg4 Nd7 11. f4 Qa5 12. Bd2 Nf6 13. Qe2 Qa3 14. Bf3 Qb2 15. Rd1 Qxc2 16. f5 Bf7 17. e5 Nd5 18. e6 Bg8 19. Bxd5 cxd5 20. Qb5+ 1-0

[Event "66.Open B Nazionale Qualificazione"]
[Site "Cortina d'Ampezzo ITA"]
[Date "2006.07.11"]
[Round "4.20"]
[White "Quaranta, Gaetano"]
[Black "Vocaturo, Ilaria"]
[Result "1-0"]
[WhiteElo "1889"]
[BlackElo "1580"]
[Annotator "Gabriele Ballarin"]
[PlyCount "65"]
[EventDate "2006.07.09"]
[EventType "swiss"]
[EventCountry "ITA"]

1. d4 d5 2. c4 e6 3. Nc3 Nf6 4. cxd5 exd5 5. Bg5 Be7 6. e3 O-O 7. Qc2 c6 8. Bd3 h6 9. Bh4 Be6 10. Nge2 Nbd7 11. O-O Rc8 12. f3 c5 13. Nf4 Qb6 14. Bf2 Bd6 15. Nxe6 fxe6 16. Qd2 Qc7 17. h3 Kh8 18. Nb5 Qb6 19. Nxd6 Qxd6 20. Rac1 c4 21. Bb1 Rce8 22. e4 Qb8 23. e5 Ng8 24. Qc2 g6 25. Qxg6 Re7 26. Bh4 Rg7 27. Qxe6 Qe8 28. Qxd5 Qh5 29. Qe4 Re8 30. Rxc4 Re6 31. Qe1 Re8 32. e6 Nf8 33. Rc5 1-0

[Event "66.Open B Nazionale Qualificazione"]
[Site "Cortina d'Ampezzo ITA"]
[Date "2006.07.15"]
[Round "6.11"]
[White "Chiereghin, Franco"]
[Black "Solinas, Carlo"]
[Result "0-1"]
[WhiteElo "1708"]
[BlackElo "2006"]
[Annotator "Gabriele Ballarin"]
[PlyCount "82"]
[EventDate "2006.07.09"]
[EventType "swiss"]
[EventCountry "ITA"]

1. f4 d5 2. Nf3 Nf6 3. e3 Bg4 4. b3 Nbd7 5. Bb2 e6 6. Be2 Bxf3 7. Bxf3 Bd6 8. O-O e5 9. fxe5 Nxe5 10. d3 c6 11. Nd2 Qc7 12. h3 h5 13. e4 O-O-O 14. d4 Nxf3+ 15. Qxf3 dxe4 16. Nxe4 Nxe4 17. Qxe4 Kb8 18. Qf5 Rd7 19. c4 f6 20. Rae1 h4 21. Bc3 Rhd8 22. Re4 Bg3 23. Rf3 b6 24. Rfe3 g6 25. Qxg6 f5 26. Re8 Qf4 27. Be1 Qxd4 28. Kf1 Bc7 29. Qxc6 Qf4+ 30. Kg1 Qh2+ 31. Kf1 Rd4 32. Bxh4 Rxh4 33. R3e7 Rhd4 34. Rxd8+ Rxd8 35. Re8 Rxe8 36. Qxe8+ Kb7 37. Qg8 Qf4+ 38. Ke2 Qe4+ 39. Kd2 Bf4+ 40. Kc3 Qe3+ 41. Kb4 Qd2+ 0-1

[Event "66.Semifinale Camp. Italiano"]
[Site "Cortina d'Ampezzo ITA"]
[Date "2006.07.09"]
[Round "1.6"]
[White "Ricci, Marco"]
[Black "Brunello, Sabino"]
[Result "1/2-1/2"]
[WhiteElo "2150"]
[BlackElo "2391"]
[Annotator "Gabriele Ballarin"]
[PlyCount "90"]
[EventDate "2006.07.09"]
[EventType "swiss"]
[EventRounds "9"]
[EventCountry "ITA"]

1. e4 e5 2. Nf3 Nc6 3. Bb5 a6 4. Bxc6 dxc6 5. O-O f6 6. d4 exd4 7. Nxd4 c5 8. Nb3 Qxd1 9. Rxd1 Bg4 10. f3 Be6 11. Bf4 c4 12. Nd4 O-O-O 13. Nc3 Bc5 14. Nce2 Ne7 15. c3 Rhe8 16. Kf1 Bd7 17. g4 Ng6 18. Bg3 Ne5 19. Kg2 Ba4 20. b3 cxb3 21. axb3 Bd7 22. Nf4 Kb8 23. Nd5 Bf8 24. b4 Bd6 25. Nf5 $138 Bxf5 26. gxf5 Nc4 27. Bxd6 Rxd6 28. Rd4 Ne5 29. Rad1 Rc6 30. Kf2 g6 31. fxg6 hxg6 32. Kg3 Nf7 33. f4 g5 $138 34. Kf3 Rh8 35. R1d2 gxf4 36. Kxf4 Rh4+ 37. Kg3 Rh6 38. c4 Ne5 39. Ne7 Rd6 40. Rxd6 cxd6 41. Rxd6 Nxc4 42. Rd8+ Ka7 43. Nc8+ Kb8 44. Ne7+ Ka7 45. Nc8+ Kb8 1/2-1/2

[Event "66.Semifinale Camp. Italiano"]
[Site "Cortina d'Ampezzo ITA"]
[Date "2006.07.09"]
[Round "1.7"]
[White "Bruno, Fabio"]
[Black "Facchetti, Gianni"]
[Result "1-0"]
[WhiteElo "2388"]
[BlackElo "2133"]
[Annotator "Gabriele Ballarin"]
[PlyCount "93"]
[EventDate "2006.07.09"]
[EventType "swiss"]
[EventRounds "9"]
[EventCountry "ITA"]

1. d4 Nf6 2. Nf3 d6 3. Bf4 Nh5 4. Bc1 Nf6 5. h3 g6 6. Bf4 Bg7 7. e3 O-O 8. Be2 c5 9. c3 b6 10. Nbd2 Bb7 11. O-O Nbd7 12. Re1 Ne4 13. Nxe4 Bxe4 14. Bf1 e5 15. Bg3 Qe7 16. Bc4 Bc6 17. dxe5 dxe5 18. Bd5 Rac8 19. Bxc6 Rxc6 20. Qa4 Rc7 21. Rad1 f6 22. Rd2 Nb8 23. Red1 Qe8 24. Qe4 Qe7 25. Ne1 Re8 26. Nc2 Kf8 27. Na3 Rd7 28. Rxd7 Nxd7 29. Nb5 Nb8 30. Qa8 a6 31. Nd6 Rd8 32. Qd5 a5 33. f4 e4 34. f5 Bh6 35. fxg6 hxg6 36. Kh1 f5 37. Bh4 g5 38. Qxf5+ Kg8 39. Qg6+ Qg7 40. Qe6+ Kh7 41. Qxe4+ Kg8 42. Qe6+ Kh7 43. Bg3 Rd7 44. Rf1 Qg6 45. Rf6 Qb1+ 46. Kh2 Bg7 47. Ne4 1-0

[Event "66.Semifinale Camp. Italiano"]
[Site "Cortina d'Ampezzo ITA"]
[Date "2006.07.09"]
[Round "1.8"]
[White "Piva, Giorgio"]
[Black "Vezzosi, Paolo"]
[Result "1/2-1/2"]
[WhiteElo "2129"]
[BlackElo "2356"]
[Annotator "Gabriele Ballarin"]
[PlyCount "126"]
[EventDate "2006.07.09"]
[EventType "swiss"]
[EventRounds "9"]
[EventCountry "ITA"]

1. d4 Nf6 2. Bf4 d6 3. Nf3 Bg4 4. e3 Nbd7 5. Be2 e6 6. h3 Bh5 7. c4 Be7 8. Nc3 O-O 9. O-O Re8 10. e4 Bxf3 11. Bxf3 e5 12. Be3 c6 13. d5 Nb6 14. b3 h6 15. g3 Nfd7 16. Qd2 c5 17. Bg2 a6 18. Kh2 Rb8 19. a4 Bf6 20. Ra2 Nc8 21. Rb1 Qa5 22. h4 Nf8 23. Bh3 Bd8 24. b4 cxb4 25. Nd1 Bb6 26. Qxb4 Qxb4 27. Rxb4 Bc5 28. Rb3 b6 29. Rab2 Ra8 30. Bxc5 bxc5 31. Rb7 Ne7 32. R2b6 Nh7 33. Rxd6 Nf6 34. Nc3 Kf8 35. Rdb6 Red8 36. f3 Ne8 37. f4 Nd6 38. Rc7 Nxc4 39. Rbb7 Nd6 40. Rb6 Nc4 41. Rb1 exf4 42. gxf4 f5 43. Rxc5 Rdc8 44. Rxc8+ Rxc8 45. e5 Nd2 46. d6 Nxb1 47. dxe7+ Kxe7 48. Nxb1 Ke6 49. Bf1 Rc1 50. Bxa6 Rxb1 51. Bc8+ Kd5 52. Bxf5 Rb4 53. Kg3 Rxa4 54. Kg4 Ra1 55. Bc8 g6 56. Bb7+ Kd4 57. Bc6 Ke3 58. e6 Rg1+ 59. Kh3 Kxf4 60. e7 Rg3+ 61. Kh2 Re3 62. e8=Q Rxe8 63. Bxe8 Kg4 1/2-1/2

[Event "66.Semifinale Camp. Italiano"]
[Site "Cortina d'Ampezzo ITA"]
[Date "2006.07.09"]
[Round "1.9"]
[White "Mogranzini, Roberto"]
[Black "Alberton, Roberto"]
[Result "1-0"]
[WhiteElo "2353"]
[BlackElo "2128"]
[Annotator "Gabriele Ballarin"]
[PlyCount "159"]
[EventDate "2006.07.09"]
[EventType "swiss"]
[EventRounds "9"]
[EventCountry "ITA"]

1. e4 g6 2. d4 Bg7 3. Nc3 d6 4. Be3 c6 5. a4 Nf6 6. h3 Qa5 7. Bd3 e5 8. Nf3 Nbd7 9. O-O O-O 10. Qd2 Re8 11. dxe5 dxe5 12. Ng5 Nf8 13. Bc4 Be6 14. Nxe6 Nxe6 15. Bxe6 Rxe6 16. Rfd1 Ree8 17. Qd3 Bf8 18. Bg5 Be7 19. Qc4 Rad8 20. Qb3 Qb6 21. Qxb6 axb6 22. Kf1 Kg7 23. Ke2 Bb4 24. Na2 Be7 25. Bxf6+ Kxf6 26. Rxd8 Rxd8 27. Nc1 Ke6 28. Nb3 h5 29. c3 Ra8 30. g4 hxg4 31. hxg4 Rh8 32. Nd2 Rh2 33. Nc4 Bd8 34. Rd1 Bc7 35. Nd2 Rh4 36. Rg1 Rh8 37. b3 Rh7 38. Nf3 Bd8 39. Rd1 Be7 40. Nd2 Bd8 41. Nc4 Be7 42. b4 Rh4 43. Ne3 Rh8 44. Nc4 Ra8 45. a5 b5 46. Nd2 Bd6 47. Nb3 Ke7 48. Ra1 Ra6 49. Kd3 Ra8 50. Rh1 Rd8 51. Ke2 Rc8 52. Ra1 Ra8 53. Rb1 Rh8 54. Nd2 Rh4 55. Rg1 Rh3 56. Nf3 Rh8 57. Rd1 Rh3 58. a6 bxa6 59. Ra1 Rh8 60. Rxa6 Rc8 61. Kd3 f6 62. Nh4 Kf7 63. Rb6 Bf8 64. Rb7+ Be7 65. Ke3 Rd8 66. Nxg6 Kxg6 67. Rxe7 Rc8 68. f4 exf4+ 69. Kxf4 c5 70. Rb7 cxb4 71. cxb4 Rc1 72. Rxb5 Rf1+ 73. Ke3 Rg1 74. Rd5 Rxg4 75. b5 Rg1 76. Kd4 Rc1 77. b6 Rb1 78. Kc5 Rb2 79. Kc6 Rb4 80. b7 1-0